Statistics for Footballers by Picture - Bayern Munich

Click here to take the quiz!

General Stats

  • This quiz has been taken 63 times
  • The average score is 18 of 32

Answer Stats

Answer% Correct
Thomas Müller
97%
Oliver Kahn
95%
Philipp Lahm
93%
Franck Ribéry
90%
Robert Lewandowski
90%
Arjen Robben
88%
Manuel Neuer
88%
David Alaba
87%
Gerd Müller
87%
Joshua Kimmich
83%
Bastian Schweinsteiger
82%
Kingsley Coman
80%
Franz Beckenbauer
78%
Jérôme Boateng
78%
Serge Gnabry
77%
Alphonso Davies
75%
Lothar Matthäus
73%
Mark van Bommel
43%
Claudio Pizarro
42%
Daniel Van Buyten
42%
Karl-Heinz Rummenigge
32%
Sepp Maier
30%
Bixente Lizarazu
27%
Martín Demichelis
27%
Paul Breitner
27%
Hasan Salihamidžić
22%
Owen Hargreaves
17%
Klaus Augenthaler
15%
Uli Hoeneß
13%
Mehmet Scholl
12%
Georg Schwarzenbeck
8%
Franz Roth
5%

Score Distribution

Percentile by Number Answered

Percent of People with Each Score

Your Score History

You have not taken this quiz